Normal view
MARC view
- Peter R Lavoy
Entry Personal Name
001 - CONTROL NUMBER
- control field: 9414
003 - CONTROL NUMBER IDENTIFIER
- control field: NUST
005 - DATE AND TIME OF LATEST TRANSACTION
- control field: 20180122091606.0
008 - FIXED-LENGTH DATA ELEMENTS
- fixed length control field: 180122|| aca||aabn | a|a d
040 ## - CATALOGING SOURCE
- Original cataloging agency: NUST
- Transcribing agency: NUST
100 ## - HEADING--PERSONAL NAME
- Personal name: Peter R Lavoy
670 ## - SOURCE DATA FOUND
- Source citation: Work cat.: (NUST)321249: Peter R Lavoy, Asymmetric warfare in South Asia : the causes and consequences of the Kargil Conflict, 2009
